000
00503nam a2200181Ia 4500
008
090123s9999 xx 000 0 und d
082
_b
912
100
_a
परांजपे सई
245
_a
जादूचा शंख
250
_a
1
260
_b
भागवत वा.पु.
300
_a
20
600
_a
परांजपे सई
630
_a
जादूचा शंख
700
_a
परांजपे सई
730
_a
जादूचा शंख
942
_c
BOOK
999
_c
39000
_d
39000